[Event "SR 3. liga A2 2005/2006"]
[Site "?"]
[Date "2005.??.??"]
[Round "?"]
[White "Hertel, Ondrej"]
[Black "Vepy, Ivan"]
[Result "1-0"]
[WhiteElo "1960"]
[BlackElo "1925"]
[PlyCount "59"]
[EventDate "2005.??.??"]

1. d4 Nf6 2. c4 e6 3. Nf3 Be7 4. Nc3 d5 5. Bg5 O-O 6. e3 b6 7. cxd5 Nxd5 8.
Bxe7 Nxe7 9. Bd3 Bb7 10. Bxh7+ Kxh7 11. Ng5+ Kh6 12. Qg4 Ng6 13. f4 Nxf4 14.
exf4 Qxd4 15. Qh4+ Kg6 16. f5+ exf5 17. Qxd4 Nc6 18. Qf4 Rfe8+ 19. Kf2 Ne5 20.
Rad1 Ng4+ 21. Kg3 Re3+ 22. Nf3 Bxf3 23. gxf3 Rae8 24. Rd5 Nh6 25. Rhd1 Kh7 26.
Qxc7 R8e6 27. Rd6 f4+ 28. Kf2 R6e5 29. R1d5 Re8 30. Rxh6+ 1-0

[Event "SR 3. liga A2 2005/2006"]
[Site "?"]
[Date "2005.??.??"]
[Round "?"]
[White "Vogl, Zdenek"]
[Black "Kollarik, Gorazd"]
[Result "1/2-1/2"]
[WhiteElo "1880"]
[BlackElo "1980"]
[PlyCount "39"]
[EventDate "2005.??.??"]

1. e4 d5 2. exd5 Qxd5 3. Nc3 Qa5 4. d4 Nf6 5. Nf3 Bf5 6. Bd3 e6 7. O-O c6 8.
Re1 Bd6 9. Ne5 Bxd3 10. Qxd3 O-O 11. Bf4 Qc7 12. Ne4 Nxe4 13. Qxe4 Nd7 14. Nxd7
Qxd7 15. Be5 Bxe5 16. Qxe5 Rad8 17. c3 Qd5 18. Re3 Qxe5 19. Rxe5 Rd5 20. Rae1
1/2-1/2

[Event "SR 3. liga A2 2005/2006"]
[Site "?"]
[Date "2005.??.??"]
[Round "?"]
[White "Synak, Jan"]
[Black "Pagac, Robert"]
[Result "1/2-1/2"]
[WhiteElo "1775"]
[BlackElo "1805"]
[PlyCount "89"]
[EventDate "2005.??.??"]

1. c4 e5 2. Nc3 Nf6 3. g3 Nc6 4. Bg2 d6 5. Nf3 Be6 6. d3 h6 7. O-O Qd7 8. Re1
Be7 9. Rb1 Rb8 10. b4 O-O 11. b5 Nd4 12. Be3 Nxf3+ 13. Bxf3 a6 14. bxa6 bxa6
15. Ba7 Rxb1 16. Qxb1 c6 17. Be3 d5 18. Na4 d4 19. Bd2 c5 20. Nb6 Qd6 21. Na4
Rb8 22. Qc2 Bd7 23. Bg2 Bc6 24. f4 Bxg2 25. fxe5 Qxe5 26. Bf4 Qh5 27. Kxg2 Re8
28. e4 dxe3 29. Bxe3 Bd6 30. Qd2 Ng4 31. Bg1 Rxe1 32. Qxe1 Ne5 33. Qe4 Ng6 34.
Qf3 Qg5 35. Qe3 Qg4 36. Qe4 Nf4+ 37. Kh1 Qd1 38. gxf4 Qxa4 39. Qa8+ Kh7 40.
Qe4+ Kg8 41. Qa8+ Kh7 42. Qe4+ g6 43. Qd5 Qd1 44. Qxf7+ Kh8 45. Qf6+ 1/2-1/2

[Event "SR 3. liga A2 2005/2006"]
[Site "?"]
[Date "2005.??.??"]
[Round "?"]
[White "Hrubsa, Marian"]
[Black "Barca, Michal"]
[Result "1-0"]
[WhiteElo "1725"]
[BlackElo "1845"]
[PlyCount "63"]
[EventDate "2005.??.??"]

1. e4 c5 2. Nf3 Nc6 3. d4 cxd4 4. Nxd4 d6 5. Nc3 Bd7 6. Be2 a6 7. Be3 e6 8. O-O
Be7 9. f4 Nf6 10. a3 Qc7 11. Qe1 O-O 12. Qg3 Rfd8 13. Rad1 Na5 14. f5 Nc4 15.
Bh6 Bf8 16. fxe6 Bxe6 17. Nxe6 fxe6 18. Rxf6 Kh8 19. Rxe6 gxh6 20. Nd5 Qc5+ 21.
Kh1 Ne5 22. c4 Bg7 23. Re7 Ng6 24. Rxb7 Be5 25. Qh3 Qf2 26. Qxh6 Nf8 27. Rf1
Qxf1+ 28. Bxf1 Rd7 29. Rxd7 Nxd7 30. Ne7 Nf6 31. Ng6+ Kg8 32. Nxe5 1-0

[Event "SR 3. liga A2 2005/2006"]
[Site "?"]
[Date "2005.??.??"]
[Round "?"]
[White "Furjel, Andrej"]
[Black "Lesny, Stefan"]
[Result "1/2-1/2"]
[WhiteElo "2015"]
[BlackElo "2095"]
[PlyCount "44"]
[EventDate "2005.??.??"]

1. Nf3 Nc6 2. d4 d5 3. e3 e6 4. c4 f5 5. Nc3 Nf6 6. a3 Ne4 7. Qb3 Ne7 8. h4 c6
9. Be2 Ng8 10. Nxe4 fxe4 11. Ne5 Nf6 12. Bd2 Bd6 13. Bb4 O-O 14. Bxd6 Qxd6 15.
Qb4 Qc7 16. O-O Bd7 17. f4 Rae8 18. c5 Bc8 19. Rf2 Qe7 20. g4 Nd7 21. Nxd7 Qxd7
22. Rg2 Qe7 1/2-1/2

[Event "SR 3. liga A2 2005/2006"]
[Site "?"]
[Date "2005.??.??"]
[Round "?"]
[White "Obdrzalkova, Anitta"]
[Black "Mihalik, Anton"]
[Result "1/2-1/2"]
[WhiteElo "2115"]
[BlackElo "2035"]
[PlyCount "74"]
[EventDate "2005.??.??"]

1. d4 d5 2. Nf3 Nf6 3. c4 e6 4. Bg5 Be7 5. e3 Nbd7 6. Nc3 a6 7. cxd5 exd5 8.
Bd3 c6 9. Rc1 O-O 10. O-O Ne4 11. Bxe7 Qxe7 12. Qb3 Ndf6 13. h3 Bf5 14. Na4 Bg6
15. Rc2 Rac8 16. Rfc1 Rc7 17. Ne5 Nd7 18. Nxg6 hxg6 19. Bxe4 Qxe4 20. Nc3 Qe6
21. Nxd5 Rcc8 22. Rc3 Rb8 23. Nf4 Qxb3 24. Rxb3 Nf6 25. Nd3 Nd7 26. Nc5 Nxc5
27. Rxc5 Rfd8 28. Rb6 Kf8 29. b4 Ke7 30. a4 Kd6 31. b5 axb5 32. Rcxb5 Kc7 33.
Rb4 Rd5 34. Kf1 Ra5 35. Ke2 f6 36. e4 c5 37. dxc5 Rxc5 1/2-1/2

[Event "SR 3. liga A2 2005/2006"]
[Site "?"]
[Date "2005.??.??"]
[Round "?"]
[White "Stepanovic, Branislav"]
[Black "Farkas, Gabor"]
[Result "1/2-1/2"]
[WhiteElo "2025"]
[BlackElo "2095"]
[PlyCount "96"]
[EventDate "2005.??.??"]

1. e4 c5 2. Nf3 Nc6 3. d4 cxd4 4. Nxd4 Nf6 5. Nc3 e5 6. Ndb5 d6 7. Bg5 a6 8.
Na3 b5 9. Nd5 Be7 10. Bxf6 Bxf6 11. c3 Bg5 12. Nc2 O-O 13. a4 Rb8 14. axb5 axb5
15. Bd3 Ne7 16. h4 Bh6 17. Ncb4 Bb7 18. Nxe7+ Qxe7 19. g4 f5 20. gxf5 Rxf5 21.
Ra7 Rf7 22. Qe2 d5 23. Nxd5 Qc5 24. Ra5 Bxd5 25. exd5 Qxd5 26. Qe4 Qd8 27.
Qxh7+ Kf8 28. Qh8+ Ke7 29. Ra7+ Kf6 30. Qxd8+ Rxd8 31. Rxf7+ Kxf7 32. Bxb5 Rd2
33. b3 Rc2 34. Rh3 Bd2+ 35. Kd1 Rxc3 36. Rxc3 Bxc3 37. Kc2 Bd4 38. f3 Kg6 39.
Kd3 Kh5 40. Ke4 Kxh4 41. f4 Bc5 42. fxe5 Kg5 43. Kd5 Bb4 44. Bd3 Kf4 45. e6 g5
46. Kc6 Ke5 47. Kd7 Kd4 48. Bc4 g4 1/2-1/2

[Event "SR 3. liga A2 2005/2006"]
[Site "?"]
[Date "2005.??.??"]
[Round "?"]
[White "Petenyi, Tamas"]
[Black "Curidlo, Jan"]
[Result "1-0"]
[WhiteElo "2075"]
[BlackElo "2070"]
[PlyCount "73"]
[EventDate "2005.??.??"]

1. e4 c5 2. Nf3 d6 3. d4 cxd4 4. Nxd4 Nf6 5. Nc3 a6 6. Be3 e6 7. f3 Qc7 8. Qd2
Nc6 9. O-O-O Bd7 10. g4 Nxd4 11. Bxd4 e5 12. Be3 Be6 13. h4 Rc8 14. g5 Nd7 15.
Nd5 Qc6 16. h5 f6 17. Bh3 Bxh3 18. Rxh3 Be7 19. Qg2 Rf8 20. Rh2 Qa4 21. Kb1 Qc4
22. gxf6 Bxf6 23. Qg4 Rf7 24. Bg5 Bxg5 25. Qxg5 Qc6 26. Rhd2 h6 27. Qg4 Nf8 28.
Ne3 Rd7 29. Rxd6 Rxd6 30. Rxd6 Qc7 31. Rd2 Rd8 32. Nd5 Qf7 33. Qh4 Ne6 34. Rd3
Ng5 35. Qg3 Rd6 36. Qxe5+ Re6 37. Qb8+ 1-0

[Event "SR 3. liga A2 2005/2006"]
[Site "?"]
[Date "2005.??.??"]
[Round "?"]
[White "Slaby, Jozef"]
[Black "Varga, David"]
[Result "0-1"]
[WhiteElo "1750"]
[BlackElo "2070"]
[PlyCount "86"]
[EventDate "2005.??.??"]

1. d4 Nf6 2. c4 c5 3. d5 b5 4. cxb5 a6 5. bxa6 Bxa6 6. Nc3 d6 7. g3 Nbd7 8. Bg2
g6 9. Nf3 Bg7 10. O-O O-O 11. Re1 Nb6 12. e4 Nfd7 13. Qc2 Nc4 14. b3 Qa5 15.
bxc4 Qxc3 16. Qa4 Ne5 17. Be3 Bxc4 18. Qd1 Nd3 19. Rc1 Nxc1 20. Bxc1 Rxa2 21.
Bd2 Qc2 22. Qxc2 Rxc2 23. Bf1 Bxf1 24. Kxf1 Rb8 25. Kg2 Rbb2 26. Be3 Re2 27.
Rxe2 Rxe2 28. Kf1 Ra2 29. Ke1 Bc3+ 30. Kd1 f6 31. h4 h5 32. Nd2 Bxd2 33. Bxd2
Kf7 34. Ke1 e6 35. Bf4 Ke7 36. Kf1 Ra4 37. f3 exd5 38. exd5 Rd4 39. Ke2 Rxd5
40. Bc1 Rd4 41. Ke3 Ra4 42. Kd3 Ke6 43. Bb2 Ra2 0-1

[Event "SR 3. liga A2 2005/2006"]
[Site "?"]
[Date "2005.??.??"]
[Round "?"]
[White "Kolesar, Rastislav"]
[Black "Bincik, Pavol"]
[Result "1/2-1/2"]
[WhiteElo "1875"]
[BlackElo "1805"]
[PlyCount "89"]
[EventDate "2005.??.??"]

1. e4 c6 2. d4 d5 3. Nc3 dxe4 4. Nxe4 Bf5 5. Ng3 Bg6 6. Nf3 Nf6 7. h4 h6 8. h5
Bh7 9. Bd3 Bxd3 10. Qxd3 Qc7 11. Ne5 e6 12. Ne4 Nxe4 13. Qxe4 Nd7 14. Bf4 Qa5+
15. c3 Qd5 16. Qxd5 cxd5 17. Ke2 Be7 18. Kd3 Nxe5+ 19. dxe5 Rc8 $11 20. Be3 a6
21. Rac1 Kd7 22. Rc2 Rc6 23. Rhc1 Rhc8 24. c4 dxc4+ 25. Rxc4 Rxc4 26. Rxc4 Rxc4
27. Kxc4 Kc6 28. f4 g6 29. g4 gxh5 30. gxh5 b5+ 31. Kd3 Bc5 32. Bd2 Kd5 33. f5
Bf8 34. fxe6 fxe6 35. Bf4 Bg7 36. b3 a5 37. Bd2 a4 38. Bc1 Bf8 39. Bf4 $11 Kc5
40. Kc3 axb3 41. axb3 Kd5 42. Kd3 Bg7 43. Be3 Bf8 44. Bf4 Kc5 45. Kc3 1/2-1/2

[Event "SR 3. liga A2 2005/2006"]
[Site "?"]
[Date "2005.??.??"]
[Round "?"]
[White "Siska, Michal"]
[Black "Csiba, Dominik"]
[Result "1/2-1/2"]
[WhiteElo "1635"]
[BlackElo "1800"]
[PlyCount "107"]
[EventDate "2005.??.??"]

1. c4 c6 2. Nc3 e6 3. d4 d5 4. e3 Nf6 5. Nf3 Nbd7 6. a3 Be7 7. Bd3 O-O 8. b4 a5
9. b5 dxc4 10. Bxc4 Nb6 11. Be2 Nbd5 12. Bd2 Nxc3 13. Bxc3 Ne4 14. Bb2 cxb5 15.
Bxb5 Qb6 16. Qe2 Nd6 17. Bd3 Bd7 18. O-O Bb5 19. Bxb5 Qxb5 20. Qxb5 Nxb5 21. a4
Na7 22. Ba3 Rfe8 23. Rfb1 Rab8 24. Ne5 Bxa3 25. Rxa3 Re7 26. Rab3 f6 27. Nc4
Nc6 28. Rb5 Rc8 29. Nxa5 Nxa5 30. Rxa5 Rec7 31. g3 Rc1+ 32. Rxc1 Rxc1+ 33. Kg2
Rb1 34. Ra7 Kf7 35. a5 Kg6 36. Kf3 Rb2 37. h3 Rb5 38. Ke4 Rb3 39. f4 h6 40. g4
f5+ 41. gxf5+ exf5+ 42. Kd5 Rxe3 43. Rxb7 Rxh3 44. a6 Ra3 45. a7 h5 46. Ke6 h4
47. d5 h3 48. Rb8 Rxa7 49. Rh8 Ra3 50. d6 Re3+ 51. Kd7 Kf7 52. Kd8 Ra3 53. Kc7
Rc3+ 54. Kd8 1/2-1/2

[Event "SR 3. liga A2 2005/2006"]
[Site "?"]
[Date "2005.??.??"]
[Round "?"]
[White "Csiba, Peter"]
[Black "Gono, Michal"]
[Result "1-0"]
[WhiteElo "1705"]
[BlackElo "1620"]
[PlyCount "89"]
[EventDate "2005.??.??"]

1. Nf3 Nf6 2. c4 c5 3. d4 cxd4 4. Nxd4 Nc6 5. Nc3 e5 6. Ndb5 d6 7. Bg5 a6 8.
Bxf6 gxf6 9. Na3 Be6 10. g3 Qb6 11. Qd2 Qd4 12. e3 Qxd2+ 13. Kxd2 Bh6 14. Bg2
Rc8 15. Nd5 Bxd5 16. Bxd5 b6 17. b3 Nb4 18. Bf3 f5 19. Kc3 a5 20. Nb5 Ke7 21.
a3 Na6 22. Rad1 Rhd8 23. Na7 e4 24. Nxc8+ Rxc8 25. Be2 Bg7+ 26. Kc2 Nc5 27. Rd5
Ke6 28. Rhd1 Rd8 29. b4 axb4 30. axb4 Na4 31. c5 bxc5 32. bxc5 Be5 33. Bc4 Rb8
34. Rxd6+ Ke7 35. Rd7+ Ke8 36. Bxf7+ Kf8 37. Rb1 Rc8 38. Be6 Rxc5+ 39. Kd2 Bc7
40. Rb7 Ba5+ 41. Ke2 Rc2+ 42. Kf1 Rxf2+ 43. Kxf2 Be1+ 44. Kxe1 Nc5 45. Rb8# 1-0

[Event "SR 3. liga A2 2005/2006"]
[Site "?"]
[Date "2005.??.??"]
[Round "?"]
[White "Blatnicky, Miroslav"]
[Black "Meszaros, Lorant"]
[Result "1-0"]
[WhiteElo "2110"]
[BlackElo "2110"]
[PlyCount "79"]
[EventDate "2005.??.??"]

1. e4 e5 2. Nf3 Nc6 3. Bb5 a6 4. Ba4 d6 5. h3 Nf6 6. O-O Be7 7. Re1 O-O 8. c3
Bd7 9. d4 h6 10. Nbd2 b5 11. Bc2 Nh7 12. Nf1 Ng5 13. Be3 Nxf3+ 14. Qxf3 Bf6 15.
Rad1 Ne7 16. Bxh6 Ng6 17. Be3 Nh4 18. Qg3 Ng6 19. Nh2 Kh7 20. Nf3 Be6 21. dxe5
Nxe5 22. Nxe5 Bxe5 23. f4 Bxc3 24. e5+ g6 25. bxc3 d5 26. f5 gxf5 27. Qf4 Rh8
28. Bxf5+ Kg7 29. Bxe6 fxe6 30. Rf1 Qe7 31. Rd4 Rh7 32. Qf6+ Qxf6 33. Rxf6 Re8
34. Rg4+ Kh8 35. Rgg6 Rh5 36. Bg5 c5 37. Rf7 Rxg5 38. Rxg5 b4 39. cxb4 c4 40.
Rc7 1-0

[Event "SR 3. liga A2 2005/2006"]
[Site "?"]
[Date "2005.??.??"]
[Round "?"]
[White "Szekely, Stefan"]
[Black "Krchnak, Rudolf"]
[Result "1-0"]
[WhiteElo "2080"]
[BlackElo "1970"]
[PlyCount "43"]
[EventDate "2005.??.??"]

1. c4 Nf6 2. Nc3 c5 3. Nf3 Nc6 4. g3 g6 5. Bg2 Bg7 6. O-O O-O 7. d4 cxd4 8.
Nxd4 Nxd4 9. Qxd4 d6 10. Qh4 Re8 11. Rd1 Rb8 12. c5 Ng4 13. cxd6 Bxc3 14. bxc3
Qb6 15. Rd4 exd6 16. Rxg4 Bxg4 17. Qxg4 Qc5 18. Be3 Qxc3 19. Bd4 Qc4 20. e3 a5
21. Qg5 f5 22. Qf6 1-0

[Event "SR 3. liga A2 2005/2006"]
[Site "?"]
[Date "2005.??.??"]
[Round "?"]
[White "Smrek, Peter"]
[Black "Both, Lajos"]
[Result "0-1"]
[WhiteElo "1965"]
[BlackElo "1990"]
[PlyCount "116"]
[EventDate "2005.??.??"]

1. e4 e6 2. d4 d5 3. exd5 exd5 4. Nf3 Bd6 5. Nc3 c6 6. h3 Ne7 7. Bd3 Bf5 8. O-O
Bxd3 9. Qxd3 O-O 10. Be3 Nd7 11. Rad1 Ng6 12. g3 Nf6 13. Rfe1 Qd7 14. Kg2 Rfe8
15. Bg5 Nh5 16. a3 h6 17. Bc1 Bc7 18. Rxe8+ Rxe8 19. Re1 Rxe1 20. Nxe1 f5 21.
Qe2 Nf6 22. Nd3 Ne4 23. Nc5 Nxc5 24. dxc5 Be5 25. Qd3 Qf7 26. f4 Bc7 27. b4 a6
28. Ne2 Nf8 29. Nd4 g6 30. Bb2 Bd8 31. Nf3 Nd7 32. Ne5 Nxe5 33. Bxe5 Be7 34. c3
Qe6 35. Qe3 Kf7 36. Bd4 Qxe3 37. Bxe3 h5 38. Kf3 a5 39. a4 Bf6 40. Bd4 Bxd4 41.
cxd4 axb4 42. Ke3 h4 43. gxh4 Kg7 44. Kd3 Kh6 45. Kc2 Kh5 46. Kb3 Kxh4 47. Kxb4
g5 48. fxg5 Kxg5 49. Ka5 f4 50. Kb6 f3 51. Kxb7 f2 52. Kxc6 f1=Q 53. Kxd5 Qxh3
54. c6 Qc8 55. Kc5 Kf6 56. d5 Ke5 57. d6 Qf8 58. Kb6 Kxd6 0-1

[Event "SR 3. liga A2 2005/2006"]
[Site "?"]
[Date "2005.??.??"]
[Round "?"]
[White "Szitasi, Janos"]
[Black "Mikudik, Ivan"]
[Result "1/2-1/2"]
[WhiteElo "2020"]
[BlackElo "1875"]
[PlyCount "94"]
[EventDate "2005.??.??"]

1. e4 e6 2. d3 d5 3. Nd2 c5 4. Ngf3 Nc6 5. Be2 Nf6 6. O-O Be7 7. Re1 dxe4 8.
Nxe4 O-O 9. Nfd2 Qc7 10. Nxf6+ Bxf6 11. Ne4 Be5 12. h3 b6 13. Nc3 Nd4 14. Bd2
Bb7 15. Bf1 f5 16. Be3 a6 17. Bxd4 cxd4 18. Nb1 Rae8 19. Nd2 Qc5 20. Nb3 Qd6
21. Nd2 b5 22. a4 Bf6 23. axb5 axb5 24. Be2 e5 25. Bf3 Bxf3 26. Qxf3 Bd8 27.
Nf1 e4 28. dxe4 fxe4 29. Qb3+ Kh8 30. Rad1 Bc7 31. Re2 Qe5 32. Qb4 e3 33. f3
Rd8 34. Rd3 h5 35. c3 dxc3 36. Rxd8 Rxd8 37. Qxc3 Qxc3 38. bxc3 Rd1 39. g4 hxg4
40. fxg4 Rc1 41. Kg2 Rxc3 42. Rxe3 b4 43. Rxc3 bxc3 44. Ne3 Bf4 45. Nc2 Kh7 46.
Kf3 Bd2 47. Ke2 Kg6 1/2-1/2

[Event "SR 3. liga A2 2005/2006"]
[Site "?"]
[Date "2005.??.??"]
[Round "?"]
[White "Matus, Peter"]
[Black "Liska, Frantisek"]
[Result "0-1"]
[WhiteElo "1720"]
[BlackElo "2000"]
[PlyCount "57"]
[EventDate "2005.??.??"]

1. d4 Nf6 2. c4 d5 3. Nc3 c6 4. Bg5 h6 5. Bxf6 gxf6 6. cxd5 cxd5 7. g3 Nc6 8.
e3 Bf5 9. Bg2 e6 10. Nge2 Bd6 11. O-O Rc8 12. a3 h5 13. Nf4 Bxf4 14. exf4 Qb6
15. Re1 Kf8 16. Bxd5 exd5 17. Nxd5 Qxd4 18. Rc1 Qxd1 19. Rexd1 Kg7 20. Ne3 Bg4
21. Rd6 Rhe8 22. Kg2 Red8 23. Rxd8 Rxd8 24. h3 Be2 25. Rc3 Nd4 26. Nf1 b5 27.
Re3 Bc4 28. Nd2 Nf5 29. Nxc4 0-1

[Event "SR 3. liga A2 2005/2006"]
[Site "?"]
[Date "2005.??.??"]
[Round "?"]
[White "Arpa, Zoltan"]
[Black "Lanyi, Frantisek"]
[Result "1-0"]
[WhiteElo "1850"]
[BlackElo "1625"]
[PlyCount "71"]
[EventDate "2005.??.??"]

1. d4 d5 2. c4 Nf6 3. Nc3 e6 4. e3 Be7 5. Nf3 Nc6 6. a3 O-O 7. Bd3 Bd7 8. O-O
Bd6 9. Re1 a6 10. cxd5 Nxd5 11. Nxd5 exd5 12. Qb3 Na5 13. Qxd5 Nc6 14. Qb3 Rb8
15. h3 b5 16. Bd2 Ne7 17. Rac1 Be6 18. Qc2 h6 19. e4 c6 20. Be3 Qd7 21. e5 Bc7
22. Be4 Bd5 23. Nd2 f5 24. Bxd5+ Qxd5 25. f4 Bb6 26. Nb3 Rbc8 27. Nc5 Bxc5 28.
Qxc5 Qxc5 29. Rxc5 Nd5 30. Kf2 Rfe8 31. Rec1 Re6 32. Rxd5 Kf7 33. Rdc5 Ke7 34.
d5 Rg6 35. Rxc6 Rgxc6 36. Rxc6 1-0

[Event "SR 3. liga A2 2005/2006"]
[Site "?"]
[Date "2005.??.??"]
[Round "?"]
[White "Lajda, Dusan"]
[Black "Kalman, L."]
[Result "1-0"]
[WhiteElo "1715"]
[BlackElo "1855"]
[PlyCount "89"]
[EventDate "2005.??.??"]

1. e4 d5 2. exd5 Qxd5 3. Nc3 Qd8 4. d4 Nf6 5. Be3 e6 6. a3 a6 7. g4 h6 8. Bg2
c6 9. g5 hxg5 10. Bxg5 Be7 11. Qd2 Qa5 12. Nge2 Nbd7 13. h4 Nh7 14. Bxe7 Kxe7
15. Nd5+ Qxd5 16. Bxd5 cxd5 17. O-O-O Nhf6 18. Ng3 a5 19. Rde1 Kf8 20. h5 Rh6
21. f4 Nb6 22. Qc3 Nfd7 23. f5 Nc4 24. fxe6 fxe6 25. Ne2 Ke7 26. Nf4 Kf7 27.
Rhg1 Nf6 28. Qg3 Ne8 29. Ref1 Ke7 30. Ng6+ Kd7 31. Ne5+ Nxe5 32. Qxe5 Kc6 33.
c4 Bd7 34. cxd5+ exd5 35. Kd2 Re6 36. Rc1+ Kb6 37. Qxd5 Rd6 38. Qc5+ Ka6 39.
Rg6 Rxg6 40. hxg6 b6 41. Qe5 Ra7 42. Rf1 Nf6 43. Rxf6 gxf6 44. Qxf6 Ra8 45. g7
1-0

[Event "SR 3. liga A2 2005/2006"]
[Site "?"]
[Date "2005.??.??"]
[Round "?"]
[White "Ollos, Ladislav"]
[Black "Podjavorinsky, Peter"]
[Result "1-0"]
[WhiteElo "1650"]
[BlackElo "1700"]
[PlyCount "113"]
[EventDate "2005.??.??"]

1. e4 e5 2. Nf3 Nf6 3. Nc3 Nc6 4. Bb5 d6 5. d3 a6 6. Ba4 b5 7. Bb3 Bg4 8. Bg5
Nd4 9. h3 Bxf3 10. gxf3 h6 11. Be3 Nxb3 12. axb3 Be7 13. Qd2 Nh5 14. Rg1 Qd7
15. Nd5 Bd8 16. Rg4 f5 17. exf5 Qxf5 18. f4 exf4 19. Nxf4 Nxf4 20. Bxf4 g5 21.
Qe2+ Kd7 22. Be3 Bf6 23. O-O-O a5 24. Qd2 b4 25. d4 Qb5 26. Qd3 Qxd3 27. Rxd3
a4 28. bxa4 Rxa4 29. Rb3 d5 30. Kd2 Ke6 31. Kd3 Kf5 32. Bd2 Be7 33. f3 Bd6 34.
h4 Be7 35. h5 Bd6 36. Rg2 Re8 37. Re2 Rxe2 38. Kxe2 Bf8 39. Kf2 g4 40. Kg3 Bd6+
41. Kf2 g3+ 42. Kg2 Bf4 43. Rxb4 Rxb4 44. Bxb4 Kg5 45. Be1 Kh4 46. b3 c6 47. c4
dxc4 48. bxc4 Bd6 49. d5 cxd5 50. cxd5 Kxh5 51. Bxg3 Bxg3 52. Kxg3 Kg5 53. f4+
Kf5 54. Kh4 Kg6 55. d6 Kf6 56. f5 Kf7 57. Kh5 1-0

[Event "SR 3. liga A2 2005/2006"]
[Site "?"]
[Date "2005.??.??"]
[Round "?"]
[White "Vach, Pavol"]
[Black "Ivan, Imrich ml"]
[Result "1-0"]
[WhiteElo "2165"]
[BlackElo "2010"]
[PlyCount "97"]
[EventDate "2005.??.??"]

1. d4 e6 2. e4 d5 3. Nc3 dxe4 4. Nxe4 Nd7 5. Nf3 Ngf6 6. Bd3 Be7 7. O-O O-O 8.
Re1 b6 9. c3 Bb7 10. Qc2 c5 11. dxc5 Bxe4 12. Bxe4 Nxe4 13. Qxe4 Nxc5 14. Qe2
Qd3 15. Be3 Qxe2 16. Rxe2 Bf6 17. Bxc5 bxc5 18. Rd1 Rfd8 19. Red2 Rxd2 20. Rxd2
Rb8 21. Kf1 Kf8 22. Ke2 Ke7 23. Kd3 Kd6 24. Kc4+ Kc6 25. b3 g5 26. Re2 Rd8 27.
Ne5+ Bxe5 28. Rxe5 Rd5 29. Re2 h5 30. b4 cxb4 31. cxb4 Kd6 32. a4 f5 33. b5 e5
34. Kb4 Kc7 35. Rc2+ Kb7 36. a5 e4 37. a6+ Kb8 38. Rc6 Rd2 39. Rg6 Rxf2 40.
Rg8+ Kc7 41. Ra8 Rb2+ 42. Kc4 Kb6 43. Rb8+ Ka5 44. Rb7 e3 45. Rxa7 Rxb5 46. Rb7
Rb6 47. a7 Ra6 48. Rb5+ Ka4 49. Rb1 1-0

[Event "SR 3. liga A2 2005/2006"]
[Site "?"]
[Date "2005.??.??"]
[Round "?"]
[White "Csefalvay, Stefan"]
[Black "Palka, M."]
[Result "1/2-1/2"]
[WhiteElo "1925"]
[BlackElo "2045"]
[PlyCount "121"]
[EventDate "2005.??.??"]

1. Nf3 c5 2. g3 Nc6 3. c4 g6 4. Nc3 Bg7 5. Bg2 e6 6. Ne4 d6 7. O-O Nge7 8. e3
e5 9. d3 O-O 10. a3 a6 11. Rb1 f5 12. Nc3 Rb8 13. Qc2 b5 14. Nd5 Nxd5 15. cxd5
Ne7 16. e4 fxe4 17. dxe4 Nxd5 18. Nxe5 Bxe5 19. exd5 Bf5 20. Be4 Bxe4 21. Qxe4
Qf6 22. b3 Bd4 23. Be3 Rbe8 24. Bxd4 Rxe4 25. Bxf6 Rxf6 26. f4 Rf7 27. Rfe1
Rfe7 28. Kf2 Kf7 29. Rbd1 h5 30. Rxe4 Rxe4 31. Kf3 Re7 32. h3 Kf6 33. g4 a5 34.
Rb1 hxg4+ 35. hxg4 g5 36. Rh1 gxf4 37. Kxf4 Kg6 38. g5 Rf7+ 39. Kg4 Rh7 40. Re1
Rd7 41. Re6+ Kg7 42. g6 b4 43. axb4 cxb4 44. Kf5 a4 45. bxa4 b3 46. Re2 Rb7 47.
Rb2 Re7 48. Rxb3 Re5+ 49. Kf4 Rxd5 50. Ra3 Ra5 51. Ke4 Kxg6 52. Kd4 Kf5 53. Kc4
Ke4 54. Kb4 Ra8 55. a5 Rb8+ 56. Ka4 d5 57. a6 d4 58. a7 Ra8 59. Kb5 d3 60. Kb6
d2 61. Ra1 1/2-1/2

[Event "SR 3. liga A2 2005/2006"]
[Site "?"]
[Date "2005.??.??"]
[Round "?"]
[White "Skapikova, Lubica"]
[Black "Vizvari, Ludovit"]
[Result "1-0"]
[WhiteElo "2030"]
[BlackElo "1840"]
[PlyCount "41"]
[EventDate "2005.??.??"]

1. e4 c5 2. Nf3 e6 3. d4 cxd4 4. Nxd4 a6 5. Nc3 Qc7 6. Be3 Nf6 7. f3 Bc5 8. Qd2
b5 9. O-O-O Bb7 10. Nb3 Bxe3 11. Qxe3 d5 12. exd5 b4 13. d6 Qd7 14. Nc5 Qc8 15.
N3a4 Nd5 16. Rxd5 Bxd5 17. Nb6 Qc6 18. d7+ Nxd7 19. Ncxd7 f6 20. Nxa8 Kxd7 21.
Nb6+ 1-0

[Event "SR 3. liga A2 2005/2006"]
[Site "?"]
[Date "2005.??.??"]
[Round "?"]
[White "Vegh, Vince"]
[Black "Sipkovsky, Ivan"]
[Result "0-1"]
[WhiteElo "1710"]
[BlackElo "1915"]
[PlyCount "79"]
[EventDate "2005.??.??"]

1. e4 c5 2. Nf3 d6 3. d4 cxd4 4. Nxd4 Nf6 5. Nc3 g6 6. f3 Bg7 7. Be3 O-O 8. Qd2
Nc6 9. Bc4 Bd7 10. h4 Qa5 11. g4 Ne5 12. Bb3 Rfc8 13. O-O-O Nc4 14. Bxc4 Rxc4
15. Nb3 Qa6 16. h5 Rac8 17. Qd3 Rxc3 18. Qxa6 Rxc2+ 19. Kb1 bxa6 20. Rc1 Rxc1+
21. Nxc1 Rc7 22. hxg6 fxg6 23. g5 Nh5 24. Ne2 Bb5 25. Nd4 Bxd4 26. Bxd4 Be2 27.
Re1 Bxf3 28. e5 d5 29. e6 Be4+ 30. Ka1 Nf4 31. Be5 Nxe6 32. Bxc7 Nxc7 33. Rc1
Ne6 34. Rc6 Nxg5 35. Rxa6 h5 36. Rxa7 h4 37. Rxe7 h3 38. Re8+ Kg7 39. Rc8 h2
40. Rc1 0-1

[Event "SR 3. liga A2 2005/2006"]
[Site "?"]
[Date "2005.??.??"]
[Round "?"]
[White "Hecko, Dusan"]
[Black "Janko, Ladislav"]
[Result "1-0"]
[WhiteElo "2120"]
[BlackElo "2215"]
[PlyCount "71"]
[EventDate "2005.??.??"]

1. e4 c6 2. d4 d5 3. exd5 cxd5 4. Bd3 Nc6 5. c3 g6 6. Nf3 Bg7 7. O-O Nh6 8. Bf4
O-O 9. Nbd2 f6 10. Re1 Nf7 11. Bc2 a6 12. a4 e5 13. dxe5 fxe5 14. Be3 Bf5 15.
Bxf5 gxf5 16. Bc5 Re8 17. Nb3 b6 18. Ba3 e4 19. Nfd4 Nxd4 20. Nxd4 Qg5 21. Re3
f4 22. Rh3 Re5 23. Qf1 Qg6 24. Kh1 Rg5 25. Rd1 Re8 26. b3 Bxd4 27. cxd4 Kh8 28.
Bc1 Qf5 29. Rh4 f3 30. g3 Rh5 31. g4 Rxh4 32. gxf5 Rg8 33. Qxa6 Rg2 34. Qc8+
Kg7 35. Qc7 Rxf2 36. Qg3+ 1-0

[Event "SR 3. liga A2 2005/2006"]
[Site "?"]
[Date "2005.??.??"]
[Round "?"]
[White "Sulek, Viliam"]
[Black "Hanzluvka, Peter"]
[Result "1/2-1/2"]
[WhiteElo "2165"]
[BlackElo "2050"]
[PlyCount "89"]
[EventDate "2005.??.??"]

1. e4 c5 2. Nf3 e6 3. d4 cxd4 4. c3 dxc3 5. Nxc3 d6 6. Bc4 Nc6 7. O-O Nf6 8.
Qe2 a6 9. Rd1 Qc7 10. a4 Be7 11. Bg5 O-O 12. Rac1 h6 13. Bh4 Re8 14. Bg3 Nh5
15. Bh4 Bxh4 16. Nxh4 Nf6 17. Ba2 Qe7 18. Rd2 Rd8 19. Rcd1 Ne8 20. Nf3 Nb4 21.
Bb1 Bd7 22. Nd4 Nc6 23. f4 Nxd4 24. Rxd4 Bc6 25. Qd3 g6 26. Qh3 Kg7 27. f5 g5
28. fxe6 fxe6 29. Qg3 b5 30. e5 dxe5 31. Qxe5+ Nf6 32. Rxd8 Rxd8 33. Rxd8 Qxd8
34. axb5 axb5 35. h3 b4 36. Ne4 Bxe4 37. Bxe4 Qd1+ 38. Kh2 Qc1 39. g3 Qd2+ 40.
Bg2 Kf7 41. Qc7+ Nd7 42. Qd8 h5 43. b3 e5 44. h4 gxh4 45. Qxh4 1/2-1/2

[Event "SR 3. liga A2 2005/2006"]
[Site "?"]
[Date "2005.??.??"]
[Round "?"]
[White "Diviak, R."]
[Black "Puobis, Jozef"]
[Result "1-0"]
[WhiteElo "1945"]
[BlackElo "2035"]
[PlyCount "45"]
[EventDate "2005.??.??"]

1. e4 e5 2. Nf3 Nf6 3. Nxe5 d6 4. Nf3 Nxe4 5. d4 Nf6 6. Bd3 Be7 7. O-O O-O 8.
c4 d5 9. h3 dxc4 10. Bxc4 Nd5 11. Nc3 Nxc3 12. bxc3 c5 13. Re1 cxd4 14. cxd4
Qc7 15. Bb3 Bf5 16. Ne5 Nc6 17. Bf4 Nxe5 18. Bxe5 Qd7 19. Qf3 Rac8 20. Rad1 Bc2
21. Qg3 Bg6 22. h4 h5 23. Qxg6 1-0

[Event "SR 3. liga A2 2005/2006"]
[Site "?"]
[Date "2005.??.??"]
[Round "?"]
[White "Kosar, Mikulas ml"]
[Black "Pericka, Tomas"]
[Result "1-0"]
[WhiteElo "1965"]
[BlackElo "1945"]
[PlyCount "89"]
[EventDate "2005.??.??"]

1. e4 c5 2. Nf3 Nc6 3. Bb5 g6 4. Bxc6 bxc6 5. O-O Bg7 6. d3 Qc7 7. Nbd2 Rb8 8.
c3 Nf6 9. h3 h5 10. Re1 e5 11. Nc4 d6 12. Ng5 Nd7 13. f4 Nb6 14. Nxb6 Rxb6 15.
Rf1 f6 16. Nf3 exf4 17. Qe2 g5 18. h4 Bg4 19. Qf2 Qe7 20. Nd2 Kd7 21. Nc4 Rbb8
22. Rb1 Rbe8 23. b4 Rb8 24. Ba3 cxb4 25. Bxb4 c5 26. Ba5 gxh4 27. Qc2 Ke6 28.
Rxb8 Rxb8 29. Rxf4 Bh6 30. Rf1 Qb7 31. Qf2 Bg5 32. d4 Qb5 33. Bc7 Qxc4 34. Bxb8
Qxc3 35. d5+ Kd7 36. Kh1 h3 37. g3 Qd3 38. Re1 Bf3+ 39. Kh2 Bxe4 40. Qb2 Kc8
41. Bxd6 f5 42. Qb8+ Kd7 43. Qc7+ Ke8 44. Qc8+ Bd8 45. Qe6+ 1-0